<?xml version="1.0" encoding="UTF-8"?><?xml-stylesheet type="text/xsl" href="static/style.xsl"?><OAI-PMH xmlns="http://www.openarchives.org/OAI/2.0/" xmlns:xsi="http://www.w3.org/2001/XMLSchema-instance" xsi:schemaLocation="http://www.openarchives.org/OAI/2.0/ http://www.openarchives.org/OAI/2.0/OAI-PMH.xsd"><responseDate>2026-04-14T02:18:29Z</responseDate><request verb="GetRecord" identifier="oai:www.recercat.cat:2117/192198" metadataPrefix="marc">https://recercat.cat/oai/request</request><GetRecord><record><header><identifier>oai:recercat.cat:2117/192198</identifier><datestamp>2026-01-21T04:47:57Z</datestamp><setSpec>com_2072_1033</setSpec><setSpec>col_2072_452950</setSpec></header><metadata><record xmlns="http://www.loc.gov/MARC21/slim" xmlns:dcterms="http://purl.org/dc/terms/" xmlns:xsi="http://www.w3.org/2001/XMLSchema-instance" xmlns:doc="http://www.lyncode.com/xoai" xsi:schemaLocation="http://www.loc.gov/MARC21/slim http://www.loc.gov/standards/marcxml/schema/MARC21slim.xsd">
   <leader>00925njm 22002777a 4500</leader>
   <datafield ind2=" " ind1=" " tag="042">
      <subfield code="a">dc</subfield>
   </datafield>
   <datafield ind2=" " ind1=" " tag="720">
      <subfield code="a">Català Sabaté, Martí</subfield>
      <subfield code="e">author</subfield>
   </datafield>
   <datafield ind2=" " ind1=" " tag="720">
      <subfield code="a">Cardona Iglesias, Pere Joan</subfield>
      <subfield code="e">author</subfield>
   </datafield>
   <datafield ind2=" " ind1=" " tag="720">
      <subfield code="a">Prats Soler, Clara</subfield>
      <subfield code="e">author</subfield>
   </datafield>
   <datafield ind2=" " ind1=" " tag="720">
      <subfield code="a">Alonso Muñoz, Sergio</subfield>
      <subfield code="e">author</subfield>
   </datafield>
   <datafield ind2=" " ind1=" " tag="720">
      <subfield code="a">Álvarez Lacalle, Enrique</subfield>
      <subfield code="e">author</subfield>
   </datafield>
   <datafield ind2=" " ind1=" " tag="720">
      <subfield code="a">Marchena Angos, Miquel</subfield>
      <subfield code="e">author</subfield>
   </datafield>
   <datafield ind2=" " ind1=" " tag="720">
      <subfield code="a">Conesa Ortega, David</subfield>
      <subfield code="e">author</subfield>
   </datafield>
   <datafield ind2=" " ind1=" " tag="720">
      <subfield code="a">López Codina, Daniel</subfield>
      <subfield code="e">author</subfield>
   </datafield>
   <datafield ind2=" " ind1=" " tag="260">
      <subfield code="c">2020-07-01</subfield>
   </datafield>
   <datafield ind2=" " ind1=" " tag="520">
      <subfield code="a">The present report aims to provide a comprehensive picture of the pandemic situation of COVID-19 in the&#xd;
EU countries, and to be able to foresee the situation in the next coming days.&#xd;
We employ an empirical model, verified with the evolution of the number of confirmed cases in previous&#xd;
countries where the epidemic is close to conclude, including all provinces of China. The model does not&#xd;
pretend to interpret the causes of the evolution of the cases but to permit the evaluation of the quality of&#xd;
control measures made in each state and a short-term prediction of trends. Note, however, that the effects&#xd;
of the measures’ control that start on a given day are not observed until approximately 7-10 days later.&#xd;
The model and predictions are based on two parameters that are daily fitted to available data:&#xd;
&#xd;
a: the velocity at which spreading specific rate slows down; the higher the value, the better the&#xd;
control.&#xd;
K: the final number of expected cumulated cases, which cannot be evaluated at the initial stages&#xd;
because growth is still exponential.&#xd;
&#xd;
We show an individual report with 8 graphs and a table with the short-term predictions for different&#xd;
countries and regions. We are adjusting the model to countries and regions with at least 4 days with more&#xd;
than 100 confirmed cases and a current load over 200 cases. The predicted period of a country depends on&#xd;
the number of datapoints over this 100 cases threshold, and is of 5 days for those that have reported more&#xd;
than 100 cumulated cases for 10 consecutive days or more. For short-term predictions, we assign higher&#xd;
weight to last 3 points in the fittings, so that changes are rapidly captured by the model. The whole&#xd;
methodology employed in the inform is explained in the last pages of this document.&#xd;
In addition to the individual reports, the reader will find an initial dashboard with a brief analysis of the&#xd;
situation in EU-EFTA-UK countries, some summary figures and tables as well as long-term predictions for&#xd;
some of them, when possible. These long-term predictions are evaluated without different weights to datapoints. We also discuss a specific issue every day.</subfield>
   </datafield>
   <datafield ind2=" " ind1=" " tag="520">
      <subfield code="a">These reports are funded by the European Commission (DG CONNECT, LC-01485746)
PJC and MC received funding from “la Caixa” Foundation (ID 100010434), under agreement
LCF/PR/GN17/50300003; CP, DL, SA, MC, received funding from Ministerio de Ciencia,
Innovación y Universidades and FEDER, with the project PGC2018-095456-B-I00</subfield>
   </datafield>
   <datafield ind2=" " ind1=" " tag="520">
      <subfield code="a">Postprint (published version)</subfield>
   </datafield>
   <datafield tag="653" ind2=" " ind1=" ">
      <subfield code="a">Àrees temàtiques de la UPC::Ciències de la salut</subfield>
   </datafield>
   <datafield tag="653" ind2=" " ind1=" ">
      <subfield code="a">COVID-19 (Disease)</subfield>
   </datafield>
   <datafield tag="653" ind2=" " ind1=" ">
      <subfield code="a">Coronaviruses</subfield>
   </datafield>
   <datafield tag="653" ind2=" " ind1=" ">
      <subfield code="a">Diseases -- Mathematical models</subfield>
   </datafield>
   <datafield tag="653" ind2=" " ind1=" ">
      <subfield code="a">Pandemics -- Prevention and control</subfield>
   </datafield>
   <datafield tag="653" ind2=" " ind1=" ">
      <subfield code="a">SARS (Disease)</subfield>
   </datafield>
   <datafield tag="653" ind2=" " ind1=" ">
      <subfield code="a">Covid-19</subfield>
   </datafield>
   <datafield tag="653" ind2=" " ind1=" ">
      <subfield code="a">Pandèmies -- Predicció</subfield>
   </datafield>
   <datafield tag="653" ind2=" " ind1=" ">
      <subfield code="a">COVID-19 (Malaltia)</subfield>
   </datafield>
   <datafield tag="653" ind2=" " ind1=" ">
      <subfield code="a">Epidèmies -- Predicció</subfield>
   </datafield>
   <datafield tag="653" ind2=" " ind1=" ">
      <subfield code="a">Epidemiologia -- Model matemàtics</subfield>
   </datafield>
   <datafield ind2="0" ind1="0" tag="245">
      <subfield code="a">Analysis and prediction of COVID-19 for EU-EFTA-UK and other countries</subfield>
   </datafield>
</record></metadata></record></GetRecord></OAI-PMH>